000 01404nam a2200301 i 4500
001 183981
003 ES-MaACL
005 20250807123337.0
008 150122m19141915fr |||| | fre d
080 _a281.83
080 _a276 (Ammonas)
245 0 0 _aPatrologia orientalis.
_nTomus undecimus /
_c[réd. par] R. Graffin, F. Nau.
260 _aParis :
_bFirmin-Didot et Cie ;
_a: Fribourg-en-Brisgau :
_bHerder,
_c1914-1915.
300 _a859 p. ;
_c29 cm.
505 8 _aContiene: Kitab al-'Unvan, Histoire Universelle écrite par Agapius (Mahboub) de Menbidj (I,2) / Al. Vasiliev. - La vie de Saint Luc le Stylite / Fr. Vanderstuyf. - Histoire d'Isaac, patriarche jacobite d'Alesandrie / E. Porcher. - Ammonas, successeur de Saint Antoine, textes grecs et syriaques / Fr. Nau. - Le syntaxaire arabe jacobite (Mois de Toubeh et d'Amchir) / René Basset
650 _aPatrística.
_915895
650 0 7 _aLiteratura cristiana primitiva
_2embne
_914529
700 1 _aMahbub ibn Qustantin.
_9156180
700 1 _aGraffin, René,
_d1858-1941
_9156163
700 1 _aNau, François.
_985006
700 1 _aVasiliev, Aleksandr Aleksandrovitch (
_d1867-1953)
_9156181
700 1 _aVanderstuyf, François.
_9156201
700 1 _aMina (biskop af Pchati)
_9156202
700 1 _aPorcher, E.
_9156203
700 0 _aBasset, René.
_926315
852 _aES-MaACL
_jG-700
999 _c183981
_d183981